| 000 | 00943nam a2200313Ia 4500 | ||
|---|---|---|---|
| 003 | OSt | ||
| 005 | 20220928130944.0 | ||
| 006 | a|||||r|||| 00| 0 | ||
| 007 | ta | ||
| 008 | 220927b |||||||| |||| 00| 0 eng d | ||
| 020 | _cUKP 41.95 | ||
| 024 | _a142683 | ||
| 037 |
_b016, 19/12/2019, Excel Book International _cTextual |
||
| 040 |
_aSDCL _cSDCL _beng |
||
| 041 |
_2eng _aeng |
||
| 082 | _aX65, Q9 | ||
| 100 |
_aO'Loughlin Brian _9476712 |
||
| 245 | 0 |
_aFundamentals of investment _b A practitioner's guide |
|
| 250 | _a3rd | ||
| 260 |
_aLondon _bRoutledge _c2019 |
||
| 300 |
_axxiii,435p. _ccm. |
||
| 650 |
_a Bonds _9476713 |
||
| 650 |
_a Equities _9419742 |
||
| 650 |
_a Portfolio theory _9443118 |
||
| 650 | _aFinancial Studies | ||
| 700 |
_a O'Brien Frank _9476714 |
||
| 942 |
_hX65, Q9 _cTEXL _2CC |
||
| 999 |
_c789185 _d789185 |
||